[Event "Wroclaw Anderssen Memorial"]
[Site "Wroclaw"]
[Date "2021.07.31"]
[Round "4"]
[White "Jaworski, Tymon"]
[Black "Goldschmidt, Sven"]
[Result "1/2-1/2"]
[WhiteElo "1616"]
[BlackElo "1921"]
[PlyCount "152"]
[EventDate "2021.07.31"]
[EventType "swiss (rapid)"]
[EventRounds "9"]
[EventCountry "POL"]
[SourceTitle "CBM 203 Extra"]
[Source "ChessBase"]
[SourceDate "2021.09.30"]
[SourceVersion "1"]
[SourceVersionDate "2021.09.30"]
[SourceQuality "1"]

1. d4 Nf6 2. Bf4 g6 3. e3 Bg7 4. c3 0-0 5. h4 h5 6. Bd3 d6 7. Nf3 Bg4 8. Qc2 Qe8 9. Nbd2 Nbd7 10. e4 e5 11. Bg3 Nh7 12. 0-0 Qe7 13. Rae1 c6 14. Qb3 Rab8 15. a4 Be6 16. Bc4 Rfe8 17. a5 b6 18. Bxe6 Qxe6 19. Qxe6 Rxe6 20. axb6 Rxb6 21. Nc4 Rb7 22. dxe5 Nxe5 23. Nfxe5 Bxe5 24. Bxe5 dxe5 25. Rd1 Nf6 26. Rd8+ Kg7 27. f3 Nd7 28. Rd1 Nb6 29. Na5 Rc7 30. R1d6 Kf6 31. c4 c5 32. Rd3 Ke7 33. Kf2 Rd7 34. R8xd7+ Nxd7 35. Rd5 Rb6 36. b3 Ke6 37. Ke3 f5 38. exf5+ gxf5 39. Kd3 Ra6 40. Nb7 Ra2 41. Nxc5+ Nxc5+ 42. Rxc5 Rxg2 43. Rc6+ Kd7 44. Rh6 Rf2 45. Ke3 Rb2 46. Rxh5 Rxb3+ 47. Kf2 a5 48. Rxf5 Ke6 49. Rf8 a4 50. Ra8 a3 51. h5 Rb2+ 52. Ke3 a2 53. h6 Kf5 54. h7 Rh2 55. h8Q Rxh8 56. Rxa2 Rc8 57. Rc2 Rc5 58. Rc3 Ke6 59. Ke4 Kd6 60. Kf5 Kc6 61. Ke6 Kc7 62. Kf5 Kd7 63. Re3 Kd6 64. Re4 Ra5 65. Kg4 Rc5 66. Kg3 Ke6 67. Kf2 Kf5 68. Ke3 Ra5 69. Rg4 Ra3+ 70. Kf2 Rc3 71. Ke2 Rc2+ 72. Kd3 Rf2 73. Ke3 Rc2 74. Rh4 Rc3+ 75. Ke2 Kg5 76. Re4 Kf5 1/2-1/2

[Event "POL-ch U14"]
[Site "Uniejow"]
[Date "2021.07.19"]
[Round "1"]
[White "Jaworski, Tymon"]
[Black "Krawczyk, Flawian"]
[Result "1/2-1/2"]
[WhiteElo "1616"]
[BlackElo "1984"]
[PlyCount "74"]
[EventDate "2021.07.18"]
[EventType "swiss"]
[EventRounds "9"]
[EventCountry "POL"]
[SourceTitle "EXT 2022"]
[Source "ChessBase"]
[SourceDate "2021.10.06"]
[SourceVersion "1"]
[SourceVersionDate "2021.10.06"]
[SourceQuality "1"]

1. d4 Nf6 2. Bf4 d5 3. e3 c5 4. c3 Nc6 5. Nd2 e6 6. Ngf3 Bd6 7. Ne5 Qc7 8. Ndf3 Ne4 9. Bd3 f6 10. Nxc6 Bxf4 11. exf4 bxc6 12. Qc1 a5 13. Qe3 cxd4 14. cxd4 Nd6 15. 0-0 0-0 16. Rac1 Re8 17. Qe2 Bb7 18. Qc2 g6 19. Rfe1 Kg7 20. Re3 Nf5 21. Bxf5 exf5 22. Rce1 Rxe3 23. Rxe3 Ba6 24. Re6 Bc4 25. b3 Kf7 26. Re3 Ba6 27. g3 Rc8 28. Rc3 Qb6 29. Rc5 a4 30. bxa4 Qb4 31. Qb3 Rb8 32. Rxc6 Bc4 33. Qxb4 Rxb4 34. Kg2 Rxa4 35. Rc7+ Kg8 36. Rc8+ Kg7 37. Rc7+ Kg8 1/2-1/2

[Event "Poronin Tatra Limba op-B"]
[Site "Poronin"]
[Date "2021.05.25"]
[Round "4.3"]
[White "Cieslak, Patryk"]
[Black "Jaworski, Tymon"]
[Result "1/2-1/2"]
[WhiteElo "1337"]
[BlackElo "1573"]
[PlyCount "64"]
[EventDate "2021.05.22"]
[EventType "swiss"]
[EventRounds "9"]
[EventCountry "POL"]
[SourceTitle "EXT 2022"]
[Source "ChessBase"]
[SourceDate "2021.10.06"]
[SourceVersion "1"]
[SourceVersionDate "2021.10.06"]
[SourceQuality "1"]

1. e4 e6 2. d4 d5 3. Nd2 Nf6 4. e5 Nfd7 5. Bd3 c5 6. c3 Qb6 7. Ne2 Nc6 8. Nf3 cxd4 9. cxd4 Bb4+ 10. Bd2 0-0 11. 0-0 f6 12. exf6 Nxf6 13. Re1 Bd7 14. Bxb4 Qxb4 15. Qd2 Qxd2 16. Nxd2 e5 17. dxe5 Nxe5 18. Bc2 Rac8 19. Nd4 Nc6 20. N2f3 Bg4 21. Bf5 Bxf5 22. Nxf5 Ne4 23. Ne3 d4 24. Nd5 Rcd8 25. Ne7+ Nxe7 26. Rxe4 Nc6 27. Rd1 Rfe8 28. Rxe8+ Rxe8 29. Kf1 Re4 30. Nd2 Re5 31. Nf3 Re4 32. Nd2 Re5 1/2-1/2

[Event "POL-ch U20"]
[Site "Pokrzywna"]
[Date "2020.12.05"]
[Round "8"]
[White "Jaworski, Tymon"]
[Black "Janeczko, Jakub"]
[Result "0-1"]
[WhiteElo "1510"]
[BlackElo "1980"]
[PlyCount "120"]
[EventDate "2020.11.30"]
[EventType "swiss"]
[EventRounds "9"]
[EventCountry "POL"]
[SourceTitle "CBM 199 Extra"]
[Source "ChessBase"]
[SourceDate "2021.01.31"]
[SourceVersion "1"]
[SourceVersionDate "2021.01.31"]
[SourceQuality "1"]

1. d4 c5 2. d5 e5 3. e4 d6 4. c4 Be7 5. Nc3 Nf6 6. Bd3 0-0 7. Nge2 Ne8 8. Qc2 g6 9. Ng3 Ng7 10. Bh6 a6 11. 0-0-0 Bg5+ 12. Bxg5 Qxg5+ 13. Qd2 Qxd2+ 14. Kxd2 f5 15. f3 Nd7 16. a4 b6 17. Rdf1 f4 18. Nge2 Nf6 19. g3 g5 20. g4 Bd7 21. h4 h6 22. hxg5 hxg5 23. Rh6 Nge8 24. Rg6+ Kf7 25. Rh6 Kg7 26. Rhh1 Nc7 27. b3 Rab8 28. Kc2 Rb7 29. Ra1 Rfb8 30. Rhb1 Rh8 31. Rh1 Rhb8 32. Rhb1 Ng8 33. Kd2 Ne7 34. Ke1 Rh8 35. Kf2 Rh2+ 36. Kg1 Rh6 37. Kg2 Ng6 38. Rh1 Nh4+ 39. Kf2 Rh8 40. Ra2 Ne8 41. Rb2 Nf6 42. b4 cxb4 43. Rxb4 Bxg4 44. Nxf4 exf4 45. fxg4 Nxg4+ 46. Ke2 f3+ 47. Kd2 f2 48. Rbb1 Nf3+ 49. Ke2 Ng1+ 50. Rhxg1 fxg1Q 51. Rxg1 Rh2+ 52. Ke1 Ne5 53. Rxg5+ Kh6 54. Rg3 Rg7 55. Rxg7 Nxd3+ 56. Kd1 Kxg7 57. Ne2 Nb2+ 58. Ke1 Rxe2+ 59. Kxe2 Nxc4 60. Kd3 Ne5+ 0-1

[Event "POL-ch U20"]
[Site "Pokrzywna"]
[Date "2020.11.30"]
[Round "1"]
[White "Jaworski, Tymon"]
[Black "Trybus, Daniel"]
[Result "1/2-1/2"]
[WhiteElo "1510"]
[BlackElo "2125"]
[PlyCount "38"]
[EventDate "2020.11.30"]
[EventType "swiss"]
[EventRounds "9"]
[EventCountry "POL"]
[SourceTitle "CBM 199 Extra"]
[Source "ChessBase"]
[SourceDate "2021.01.31"]
[SourceVersion "1"]
[SourceVersionDate "2021.01.31"]
[SourceQuality "1"]

1. d4 Nf6 2. Bf4 g6 3. Nc3 d5 4. e3 c6 5. h4 Qb6 6. Rb1 Bf5 7. Bd3 Bxd3 8. Qxd3 Bg7 9. Nf3 Na6 10. a3 0-0 11. h5 c5 12. hxg6 hxg6 13. Ne5 Rac8 14. Bh6 Bxh6 15. Rxh6 cxd4 16. exd4 Nh5 17. Nxg6 Kg7 18. Rxh5 fxg6 19. Rh2 Rc6 1/2-1/2

[Event "Wroclaw op"]
[Site "Wroclaw"]
[Date "2019.08.05"]
[Round "1"]
[White "Piotrowski, Przemyslaw"]
[Black "Jaworski, Tymon"]
[Result "1-0"]
[WhiteElo "2303"]
[BlackElo "1598"]
[PlyCount "87"]
[EventDate "2019.08.05"]
[EventType "swiss"]
[EventRounds "9"]
[EventCountry "POL"]
[SourceTitle "CBM 191 Extra"]
[Source "ChessBase"]
[SourceDate "2019.09.30"]
[SourceVersion "1"]
[SourceVersionDate "2019.09.30"]
[SourceQuality "1"]

1. d4 Nf6 2. Nf3 g6 3. g3 Bg7 4. Bg2 d6 5. 0-0 Nbd7 6. c4 0-0 7. Nc3 e5 8. e4 c6 9. h3 Ne8 10. b3 Nc7 11. Be3 Qe7 12. Qd2 Ne6 13. d5 Nc7 14. dxc6 bxc6 15. Rfd1 Ne8 16. b4 f5 17. b5 Ndf6 18. bxc6 Ba6 19. Nd5 Qd8 20. Ng5 Bc8 21. exf5 Bxf5 22. g4 Bc8 23. c7 Nxc7 24. Nxc7 Rb8 25. Nce6 Bxe6 26. Nxe6 Qd7 27. Nxf8 Rxf8 28. Qxd6 Qxd6 29. Rxd6 Rc8 30. c5 Kf7 31. Rb1 Rc7 32. c6 Bf8 33. Rdd1 e4 34. Rb7 Rxb7 35. cxb7 Be7 36. b8Q h5 37. g5 Nh7 38. Bxe4 Nxg5 39. Bxg5 Bxg5 40. Rd7+ Be7 41. Qe5 g5 42. Qxe7+ Kg8 43. Qf6 g4 44. Bd5# 1-0

[Event "Hradec Kralove op 8th"]
[Site "Hradec Kralove"]
[Date "2017.10.02"]
[Round "2"]
[White "Gloser, David"]
[Black "Jaworski, Tymon"]
[Result "1/2-1/2"]
[WhiteElo "1941"]
[BlackElo "1328"]
[PlyCount "76"]
[EventDate "2017.10.01"]
[EventType "swiss"]
[EventRounds "9"]
[EventCountry "CZE"]
[SourceTitle "CBM 181 Extra"]
[Source "ChessBase"]
[SourceDate "2017.12.12"]
[SourceVersion "1"]
[SourceVersionDate "2017.12.12"]
[SourceQuality "1"]

1. e4 c5 2. Ne2 Nc6 3. g3 g6 4. Bg2 Bg7 5. c3 e6 6. 0-0 Nge7 7. d4 cxd4 8. cxd4 d5 9. e5 0-0 10. Nbc3 f6 11. f4 a6 12. Be3 b5 13. g4 f5 14. Ng3 h6 15. gxf5 Nxf5 16. Nxf5 gxf5 17. Rf3 Kh7 18. Kh1 Bd7 19. Rh3 Be8 20. Bf3 Bg6 21. Bf2 Qe8 22. Bh5 Bxh5 23. Rxh5 Qg6 24. Rh4 Rg8 25. Qf3 Bf8 26. Rg1 Qf7 27. Ne2 Rxg1+ 28. Nxg1 Be7 29. Rh5 Rg8 30. Qh3 Rg6 31. Nf3 Qg7 32. Be3 Kh8 33. Qf1 Qf7 34. Rh3 Kh7 35. Bf2 Rg4 36. Rg3 Rxg3 37. hxg3 Qe8 38. Kg2 Nb4 1/2-1/2

[Event "POL-ch U08"]
[Site "Poronin"]
[Date "2016.05.02"]
[Round "7.1"]
[White "Grot, Blazej"]
[Black "Jaworski, Tymon"]
[Result "0-1"]
[WhiteElo "1179"]
[BlackElo "1176"]
[PlyCount "46"]
[EventDate "2016.04.30"]
[EventType "swiss"]
[EventRounds "9"]
[EventCountry "POL"]
[SourceTitle "EXT 2023"]
[Source "ChessBase"]
[SourceDate "2022.10.05"]
[SourceVersion "1"]
[SourceVersionDate "2022.10.05"]
[SourceQuality "1"]

1. e4 e5 2. Nf3 Nc6 3. Bc4 Nf6 4. d3 Be7 5. Nc3 d6 6. h3 0-0 7. 0-0 Na5 8. Bb3 Nxb3 9. axb3 a6 10. Be3 Ne8 11. Nd5 f5 12. Nxe7+ Qxe7 13. Bg5 Nf6 14. Re1 h6 15. Bxf6 Rxf6 16. exf5 Bxf5 17. d4 Rg6 18. Kh2 e4 19. Nd2 Qh4 20. f3 Bxh3 21. Kg1 Rxg2+ 22. Kh1 Qf2 23. Nxe4 Rh2# 0-1